000 00411nam a2200157Ia 4500
003 OSt
005 20230526141601.0
008 211028s2017 xx 000 0 und d
040 _cAIMIT LIBRARY
041 _aeng
100 _aYuvaraj, Nikhila; Suchetha, V.
_98728
_e151930
110 _aSuchetha V
_98729
245 _aMigration and development of sun ERP+.
260 _aMangalore
_c2017
942 _2ddc
_cPRO
999 _c220033
_d220033